Islamic Labour Code: based on our understanding of the Quran and Sunnah/ (Record no. 616341)
[ view plain ]
| 000 -LEADER | |
|---|---|
| fixed length control field | 00499nam a22001577a 4500 |
| 020 ## - INTERNATIONAL STANDARD BOOK NUMBER | |
| International Standard Book Number | 9789692243001 |
| 082 ## - DEWEY DECIMAL CLASSIFICATION NUMBER | |
| Classification number | 340.59 |
| Author Mark | AHM |
| 100 ## - MAIN ENTRY--PERSONAL NAME | |
| Personal name | Iftikhar Ahmad, Asghar Jameel |
| 245 ## - TITLE STATEMENT | |
| Title | Islamic Labour Code: based on our understanding of the Quran and Sunnah/ |
| Statement of responsibility, etc. | Iftikhar Ahmad and Asghar Jameel |
| 250 ## - EDITION STATEMENT | |
| Edition statement | 2nd ed. |
| 260 ## - PUBLICATION, DISTRIBUTION, ETC. | |
| Place of publication, distribution, etc. | Rawalpindi: |
| Name of publisher, distributor, etc. | Centre for Labour Research, |
| Date of publication, distribution, etc. | 2021. |
| 300 ## - PHYSICAL DESCRIPTION | |
| Extent | 204p. |
| 563 ## - BINDING INFORMATION | |
| Binding note | HB |
| 650 ## - SUBJECT ADDED ENTRY--TOPICAL TERM | |
| Topical term or geographic name entry element | Islamic research |
| -- | Labour code |
| 942 ## - ADDED ENTRY ELEMENTS (KOHA) | |
| Source of classification or shelving scheme | |
| Koha item type | Book |
| 650 ## - SUBJECT ADDED ENTRY--TOPICAL TERM | |
| -- | 133382 |
| Withdrawn status | Lost status | Source of classification or shelving scheme | Materials specified (bound volume or other part) | Damaged status | Not for loan | Permanent Location | Current Location | Shelving location | Date acquired | Source of acquisition | Total Checkouts | Full call number | Barcode | Date last seen | Price effective from | Koha item type |
|---|---|---|---|---|---|---|---|---|---|---|---|---|---|---|---|---|
| Donated by Author | Central Library (CL) | Central Library (CL) | General Stacks | 02/23/2026 | Donation | 340.59 AHM | CL-D-3182 | 02/25/2026 | 02/23/2026 | Book |
